000 00705nam a2200241Ia 4500
003 OSt
005 20221005115816.0
006 a|||||r|||| 00| 0
007 ta
008 221004b |||||||| |||| 00| 0 eng d
024 _a53316
037 _cTextual
040 _aCRL
_cCRL
_beng
041 _2eng
_aeng
082 _aR4:217, K1
100 _aNcNamara Clarice
_9628149
245 0 _aCommon sense about marriage
_b A practical guide for young people intending to get married and those already married
260 _c1961
650 _aPHILOSOPHY
700 _a Newcomb Jean
_9628150
942 _hR4:217, K1
_cTEXL
_2cc
999 _c1035964
_d1035964